| 000 | 00363nam a2200121Ia 4500 | ||
|---|---|---|---|
| 008 | 220217s9999||||xx |||||||||||||| ||und|| | ||
| 020 | _a9789387511552 | ||
| 100 |
_aChauhan, Gajendra Singh and Kashiramka, Smita _910334 |
||
| 245 | 0 | _aTechnical communication | |
| 260 |
_aCengage learning _bNew Delhi _c2018 |
||
| 300 |
_aXXVI, 478p. _b450 |
||
| 650 | _aPlacement | ||
| 999 |
_c188754 _d188754 |
||